000 00362nam a2200133Ia 4500
008 190216s9999||||xx |||||||||||||| ||und||
100 _aRamesh S Gaonkar
245 0 _a"Microprocessor Architecture, Programming And Applications With The8085/8080a"
250 _a1st Ed.
260 _bWiley Eastern Ltd
_c1993
300 _a656
650 _aComputer
942 _cBK
999 _c8405
_d8405